Normal view MARC view

Entry Personal Name

Number of records used in: 2

001 - CONTROL NUMBER

  • control field: 9201

003 - CONTROL NUMBER IDENTIFIER

  • control field: DLC

005 - DATE AND TIME OF LATEST TRANSACTION

  • control field: 20221101112216.0

008 - FIXED-LENGTH DATA ELEMENTS

  • fixed length control field: 050924n| azannaabn |n aaa

010 ## - LIBRARY OF CONGRESS CONTROL NUMBER

  • LC control number: n 2005071851

040 ## - CATALOGING SOURCE

  • Original cataloging agency: DLC
  • Language of cataloging: eng
  • Transcribing agency: DLC
  • Description conventions: rda

100 1# - HEADING--PERSONAL NAME

  • Personal name: Sharma, Shailja

670 ## - SOURCE DATA FOUND

  • Source citation: The new cosmopolitanism, 2006:
  • Information found: CIP t.p. (Shailja Sharma) data view (Assoc. Prof. of English, DePaul Univ.)

670 ## - SOURCE DATA FOUND

  • Source citation: Tour leadership and management, 2018:
  • Information found: ECip t.p. (Shailja Sharma) ECip galley ("Shailja Sharma, MBA, MTM, Ph.D., is a faculty with Indian Institute of Tourism and Travel Management and Chairperson for BBA(T&T) programme at the Noida campus of the institute. She has eleven years of experience in teaching and training in tourism and 2 years of corporate experience. She is a qualified trainer of WFTGA from London. She has designed and delivered tour leadership programs for travel companies ... for various state governments too. She has also authored a book.")

Powered by Koha